000 nam a22 7a 4500
999 _c7721
_d7721
008 171003b xxu||||| |||| 00| 0 eng d
100 _aKamal
_94205
245 _aMathematics
_bBased on N C E R T text book
260 _aNew Delhi
_bKamal Prakashan